000 00917cam a2200217 4500
001 3460
005 20230410123519.0
008 060907n1999 dr spa
035 _9funglode3474
041 _aspa
050 1 4 _aKGQ 3421
_bR426p 1999
110 2 _aRepública Dominicana. Comisión Presidencial para la Reforma y Modernización del Estado.
245 1 0 _aProyecto de ley general sobre medio ambiente y recursos naturales. Decreto 152-98 /
_cComisión Coordinadora Sector Recursos Naturales y Medio Ambiente (COSERENAMA)
260 _aSanto Domingo :
_bComisión Coordinadora Sector Recursos Naturales y Medio Ambiente (COSERENAMA),
_c1999
300 _a101 p.
440 0 _aDocumentos de la reforma ;
_v2
650 0 _aEnvironmental law
_zDominican Republic
_vDigests.
650 4 _aControl ambiental
_vRepública Dominicana
650 4 _aConservación de los recuersos naturales
942 _2lcc
_cbk
999 _c62969
_d62969